000 00722nam a2200265Ia 4500
005 20260121170623.0
008 008 260114s9999 xx 000 0 eng d
020 _a9783319948065
037 _aEBOOK
040 _aCRL
040 _beng
040 _cCRL
041 _2eng
041 _aeng
084 _qCRL
100 _aNathalia Peixoto, Margarida Silveira, Hesham H. Ali, Carlos Maciel, Egon L. van den Broek
_91066119
245 0 _aBiomedical Engineering Systems and Technologies
260 _bSpringer
260 _bSpringer
260 _c2018
856 _uhttps://link.springer.com/openurl?genre=book&isbn=978-3-319-94806-5
942 _cEBOOK
999 _c1631849
_d1631849